Normal view
MARC view
- Guimpatan, Josephine A.,
Entry Personal Name
001 - CONTROL NUMBER
- control field: 5688
003 - CONTROL NUMBER IDENTIFIER
- control field: URS
005 - DATE AND TIME OF LATEST TRANSACTION
- control field: 20230802093036.0
008 - FIXED-LENGTH DATA ELEMENTS
- fixed length control field: 230802|| aca||aabn | a|a d
040 ## - CATALOGING SOURCE
- Original cataloging agency: URS
100 ## - HEADING--PERSONAL NAME
- Personal name: Guimpatan, Josephine A.,
- Relator term: author.